DEVELOPMENT CONTROL RULES,SANCTIONED UNDER GOVERNMENT NOTIFICATION URBAN DEVELOPMENT DEPARTMENT NO.TPS -1884/1377/CR-220/84(III)UD-7 DATED 5/1/87, FOR DEVELOPMENT PLAN PUNE (REVISED) (FINAL)" (Record no. 475377)

MARC details
000 -LEADER
fixed length control field 00524pam a2200157a 44500
008 - FIXED-LENGTH DATA ELEMENTS--GENERAL INFORMATION
fixed length control field 230515b1999 xxu||||| |||| 00| 0 eng d
020 ## - INTERNATIONAL STANDARD BOOK NUMBER
International Standard Book Number NULL
041 ## - LANGUAGE CODE
Language code of text/sound track or separate title ENG
082 ## - DEWEY DECIMAL CLASSIFICATION NUMBER
Classification number NULL
100 ## - MAIN ENTRY--PERSONAL NAME
Personal name PUNE MUNICIPAL CORPORATION AREA.
245 ## - TITLE STATEMENT
Title DEVELOPMENT CONTROL RULES,SANCTIONED UNDER GOVERNMENT NOTIFICATION URBAN DEVELOPMENT DEPARTMENT NO.TPS -1884/1377/CR-220/84(III)UD-7 DATED 5/1/87, FOR DEVELOPMENT PLAN PUNE (REVISED) (FINAL)"
250 ## - EDITION STATEMENT
Edition statement 0
260 ## - PUBLICATION, DISTRIBUTION, ETC.
Place of publication, distribution, etc. NULL
Name of publisher, distributor, etc. NULL
Date of publication, distribution, etc. 1999
300 ## - PHYSICAL DESCRIPTION
Extent 236+19
650 ## - SUBJECT ADDED ENTRY--TOPICAL TERM
Topical term or geographic name entry element NULL

No items available.